000 00544nam a22001817a 4500
005 20251108165849.0
008 250721s9999 xx 000 0 ara d
082 1 4 _aط/649.1/ماه
100 1 _aصبري، ماهر إسماعيل
245 1 0 _aإحفظ أولادك من الأخطار /
264 1 _aالقاهره :
_bشركة سفير،
_c[19-].
300 _a144ص
490 0 _aأبنائنا : سلسلة سفير التربويه ؛14
650 1 7 _aالأطفال
650 1 7 _aالصحه
942 _2ddc
_cBK
999 _c33305
_d33305